000 00385 a2200169 4500
001 171639
020 _a
040 _cMagnum
100 _aFonseca, Suzene Furtado da
240 1 0 _aSuspense na mansão do brigadeiro
_lpor
245 1 0 _aSuspense na mansão do brigadeiro
300 _a16
362 0 _a1991
440 1 _aDimensão
697 _aLITERATURA INFANTO
942 _cBK
999 _c171639
_d171639